Statistics for All Time Film Rental Champions

Click here to take the quiz!

General Stats

  • This quiz has been taken 17 times
  • The average score is 8 of 15

Answer Stats

Time AreaRankAnswer% Correct
1980s4Raiders of the Lost Ark
83%
1980s2Return of the Jedi
83%
1970s1Star Wars
83%
1990s2Star Wars: The Phantom Menace
83%
1990s1Titanic
83%
1990s3Jurassic Park
67%
1980s1ET: The Extra Terrestrial
50%
1990s4Forrest Gump
50%
1980s5Ghostbusters
50%
1970s5The Godfather
50%
1970s3Grease
33%
1970s2Jaws
33%
1990s5The Lion King
33%
1980s3Batman
0%
1970s4The Exorcist
0%

Score Distribution

Percentile by Number Answered

Percent of People with Each Score

Your Score History

You have not taken this quiz